书目信息 |
| 题名: |
直流输电
|
|
| 作者: | ;浙江大学发电教研组直流输电科研组 编 | |
| 分册: | ||
| 出版信息: | 北京 电力工业出版社 1985 |
|
| 页数: | 483页 | |
| 开本: | 26cm | |
| 丛书名: | ||
| 单 册: | ||
| 中图分类: | TM721.1 | |
| 科图分类: | ||
| 主题词: | 直流系统-输电技术 , 输电技术-直流系统 | |
| 电子资源: | ||
| ISBN: | ||
| 000 | 00758nam0 2200253 45 | |
| 001 | 0185020505 | |
| 005 | 20040521085645.2 | |
| 010 | @dCNY5.30 | |
| 091 | @a15143.5731 | |
| 100 | @a19930928d1985 em y0chiy0121 ea | |
| 101 | 0 | @achi |
| 102 | @aCN@b110000 | |
| 105 | @ay z 000yy | |
| 106 | @ar | |
| 200 | 10 | @a直流输电@Azhi liu shu dian@f浙江大学发电教研组直流输电科研组编 |
| 210 | @a北京@c电力工业出版社@d1985 | |
| 215 | @a483页@d26cm | |
| 606 | @a直流系统-输电技术 | |
| 606 | @a输电技术-直流系统 | |
| 690 | @aTM721.1@v3 | |
| 711 | 02 | @a浙江大学发电教研组直流输电科研组@Azhe jiang da xue fa dian jiao yan zu zhi liu shu dian ke yan zu@4编 |
| 801 | 0 | @aCN@b深圳图书馆@c20040521 |
| 801 | 2 | @aCN@bNLC@c20040521 |
| 905 | @f2@b141215-216@dTM721.1@e14 | |
| 直流输电/浙江大学发电教研组直流输电科研组编.-北京:电力工业出版社,1985 |
| 483页;26cm |
| ISBN :CNY5.30 |
| ● |
| 相关链接 |
|
|
|
|
正题名:直流输电
索取号:TM721.1/14
 
预约/预借
| 序号 | 登录号 | 条形码 | 馆藏地/架位号 | 状态 | 备注 |
| 1 | 0141215 | 001345066 | 第三借阅区/ [索取号:TM721.1/14] | 在馆 | |
| 2 | 0141216 | 001345020 | 密集书库/ [索取号:TM721.1/14] | 在馆 | |
| 3 | 0141217 | 202107273 | 第二样本阅览室/ [索取号:TM721.1/14] | 在馆 |